000 01815nam a22001577a 4500
999 _c527028
_d527028
008 240730b ||||| |||| 00| 0 eng d
100 _aThakur, Laxman S.
_955936
245 _aThe genesis of Suket Satyagraha and the birth of Himanchal Pradesh
260 _aThe Indian Economic and Social History Review
300 _a61(2), Apr-Jun, 2024: p.231-252
520 _aThis article is primarily based on a study of more than a thousand documents consulted in the Integrated Library of the Tribune Trust, Chandigarh. These documents, largely comprising news items, special reports by staff correspondents or representatives, feature articles, editorials, and letters to the editor, have escaped the attention and scrutiny of researchers and historians of modern Himachal Pradesh. What is fascinating to note is that the word ‘Himachal Pradesh’ was coined at the Solan conclave held during 26–28 January 1948, 2 years before India became a democratic republic; however, Himachal Day is celebrated since 15 April 1948. This article discusses the genesis of and the circumstances that led to the participation of the masses of the Western Himalayan princely states in the Suket Satyagraha, and describes how subsequent events in the ‘Himalayan Prant’ culminated in the creation of what a Tribune correspondent called a new star on India’s firmament—the present-day state of Himachal Pradesh.- Reproduced https://journals.sagepub.com/doi/full/10.1177/00194646241241666
650 _aTribune Trust, Himachal Pradesh, Solan Conclave, Himachal Day, Suket Satyagraha, Himalayan Prant, Western Himalayan Princely States, State Formation, Chandigarh Archives, Indian Republic, News Documentation
_955937
773 _aThe Indian Economic and Social History Review
906 _aHISTORY
942 _cAR